| 000 | 00833nam a2200205 a 4500 | ||
|---|---|---|---|
| 020 | _a0813371295 (pbk. : alk. paper) : | ||
| 040 | _cDLC | ||
| 082 | 0 | _a362 WOR 2008 C111 Or. | |
| 245 | 0 | 0 |
_aReaching the urban poor : The Philippine Experience _bproject implementation in developing countries / |
| 260 | 0 |
_aBoulder, Colo. : _bWestview Press, _c1986 |
|
| 300 |
_axii, 264 p. : _bill. ; _c23 cm |
||
| 490 | 0 | _aWestview special studies in social, political, and economic development | |
| 500 | _a"Published in cooperation with the United Nations Centre for Regional Development and the Lincoln Institute of Land Policy." | ||
| 650 | 0 | _aUrban poor | |
| 650 | 0 | _aSocial service | |
| 650 | 0 | _aCommunity development, Urban | |
| 700 | 1 | 0 | _aCheema, G. Shabbir |
| 710 | 2 | 0 | _aUnited Nations Centre for Regional Development |
| 942 | _cAEDBB | ||
| 999 |
_c20908 _d20908 |
||